000
00271nam a2200109Ia 4500
001
587585
005
20250717113818.0
008
250717s9999 xx 000 0 und d
245
0
_a
W-1 BÜYÜLÜ ADADA
_c
ERIKA BARTOS
260
_b
YAPI KREDİ YAYINLARI
_c
2020
300
_b
19
999
_c
587585
_d
587585